000 01224cam a2200265 4500
001 J127525
008 040924n2004 000 0 eng u
020 _a1851127348
035 _a(Sirsi) u127525
041 _aeng
050 _a306.13
_c18
110 _aUnited Kingdom
_bOffice of the Deputy Prime Minister
245 _aHome ownership solutions in low demand areas
_h[electronic resource]
260 _aLondon
_bODPM
_c2004
520 _aThis report finds that there are plenty of opportunities for Housing Market Renewal Pathfinders and mortgage lenders to work together to make financial products and services more widely available. This increased partnership could breathe new life into communities blighted by housing market decline. View at: www.odpm.gov.uk.
650 _aMORTGAGE LENDING
650 _aHOUSING SUPPLY
650 _aLOW DEMAND
650 _aMARKET RENEWAL PATHFINDER AREAS
650 _aREGENERATION PROGRAMMES
690 _aPROPERTY-RESIDENTIAL PROPERTY-RESIDENTIAL PROPERTY MARKET
710 _aCouncil of Mortgage Lenders
_95903
856 _uhttps://www.communities.gov.uk/documents/housing/pdf/146757.pdf
_zView the report free of charge at www.communities.gov.uk
942 _n0
999 _c103799
_d103799